000 00491nam a22001817a 4500
005 20251108170745.0
008 250721s9999 xx 000 0 ara d
082 1 4 _a923.1/فيا
100 1 _aفياض، رشاد جميل
245 1 0 _aمرضى حكموا العالم /
264 1 _aبيروت :
_bجروس برس،
_c[19-].
300 _a230ص
650 1 7 _aالملوك و الحكام
650 1 7 _aالتراجم
650 1 7 _aالموت
942 _2ddc
_cBK
999 _c48263
_d48263